| 000 | 00510nam a2200205Ia 4500 | ||
|---|---|---|---|
| 003 | GCL | ||
| 008 | 140319s9999 xx 000 0 eng d | ||
| 040 |
_aGCL / _cGCL |
||
| 082 | 0 | 4 |
_a932 _bA V |
| 100 | 1 | _aATLAS | |
| 245 | 1 | 0 |
_aLA VALLEE DES ROIS / _cATLAS |
| 260 |
_a[S.N] : _bATLAS BORDAS ، _c1986 |
||
| 300 | _a75 P | ||
| 490 |
_aLES PASSERARTS DE L'ART _v0 |
||
| 650 | 0 | 4 | _aVALLEY OF THE KINGS |
| 650 | 0 | 4 | _aHISTORY |
| 650 | 0 | 4 | _aANCIENT EGYPTIAN |
| 650 | 0 | 4 | _aEGYPT - ANTIQUITIES |
| 942 |
_2ddc _cBK |
||
| 999 |
_c16149 _d16149 |
||